000 004340000a22001810004500
003 MACL
005 20151028152745.0
008 151028b xxu||||| |||| 00| 0 eng d
040 _aMACL
_cMACL
041 _aEnglish
082 _a954/MAI
100 _aMaitra, Abanindra
_917215
245 _aMohen Jodaro
260 _bPritonia Publishers
_c2009
_aKolkata
350 _a100
650 _aHistory
_917216
942 _cBK
_k954/MAI
_2ddc
999 _c44484
_d44484